00949nam a2200241Ia 450000100060000000300090000600800410001504000130005604000130006904100130008210000170009510000290011224500500014124500830019125000110027426000100028526000220029526000490031730000590036650002350042565000160066065000310067611437IT-RoPAU130308s9999 xx 000 0 und d aIT-RoPAU cIT-RoPAU aFRANCESE aRonat Mitsou gCodice Aut. SPICS: 1918 aNote pour une theorie de la forme des langues bHypotheses-Trois Entretiens et Trois Etudes Sul la linguistique et la Poetique a1a ed. aPARIS bSeghers - Laffont c1972 [1° Ed.:1972 - Ed.Ling.Originale:1955] a"43 p. (prefazione: no ; testo: 43 [pagine: 167-219])" aNota per una Teoria della Forma delle Lingue Sintassi e Logica Intuizione del Senso e della Forma Modello di Competenza Componente Semantica Semantica Generativa Empirismo e Razionalismo Competenza e prestazione Critica di Chomsky aLINGUISTICA eCodice materia Spics: 3201